000 00317nam a2200145Ia 4500
005 20251222152620.0
008 251222s9999||||xx |||||||||||||| ||spa||
020 _a8408010220
082 _a813.54/G81
100 _aGrisham, John
245 0 _aEl Cliente
250 _a1ra. ed.
264 _bPlaneta
942 _cLIB
999 _c27317
_d27317